01260nam a2200325Ia 4500001001200000003000800012006001900020007001500039008004100054010001700095020003500112020001800147020001800165040002100183035002100204050002300225100002200248245010300270260004100373300002400414504005100438533015200489650003700641650003500678650003200713655002900745710001700774856012600791999001700917ebr10607274CaPaEBRm u cr cn|||||||||110415s2011 dcua sb 001 0ceng d z 2011015512 z1555815294 (pbk. : alk. paper) z9781555815295 z9781555817220 aCaPaEBRcCaPaEBR a(OCoLC)81352898914aRB153b.G39 2011eb1 aGaynes, Robert P.10aGerm theoryh[electronic resource] :bmedical pioneers in infectious diseases /cRobert P. Gaynes. aWashington, DC :bASM Press,cc2011. axii, 329 p. :bill. aIncludes bibliographical references and index. aElectronic reproduction.bPalo Alto, Calif. :cebrary,d2011.nAvailable via World Wide Web.nAccess may be limited to ebrary affiliated libraries. 0aGerm theory of diseasexHistory. 0aMedical scientistsvBiography. 0aMicrobiologistsvBiography. 7aElectronic books.2local2 aebrary, Inc.40uhttp://site.ebrary.com/lib/rucke/Doc?id=10607274zAn electronic book accessible through the World Wide Web; click to view c97718d97718